00675cam a22002171 4500001001300000003000400013005001700017008004100034010001700075025001900092035002000111040001800131042001200149050001600161100002300177245013500200260005000335300002700385651002800412999001700440sa 64000751 DLC20260227111958.0861031s1962 ii a 000 0 eng  asa 64000751  aPL480:I-E-2237 a(OCoLC)14580694 aDLCcWaUdDLC apremarc00aHC435b.M731 aMohnot, Sohan Raj.14aThe plans, progress and portents;ba collection of some of the radio talks broadcast by the author from All India Radio, Calcutta. aCalcutta,bBureau of Economic Studiesc[1962] a117 p.btablesc22 cm. 0aIndiaxEconomic policy. c56397d56397